'Q' Blitz Quiz Stats

Quiz Updated Nov 2, 2013

Also try: 'R' Blitz
Challenge
Share
Tweet
Embed
Score 0/40 Timer 04:00
3 Plays Today
Category Answer % Correct
Chess PieceQueen
99.6%
FractionQuintillionth
96.1%
New York BoroughQueens
94.7%
Punctuation MarkQuestion Mark
92.5%
American Football PositionQuarterback
88.2%
Canadian ProvinceQuebec
85.1%
Bed CoveringQuilt
84.3%
Multiple BirthQuintuplets
81.5%
CountryQatar
81.4%
Hogwarts SportQuidditch
80.9%
BirdQuail
79.3%
Two Letter WordQi
78.6%
Cotton Swab BrandQ Tip
76%
Writing ImplementQuill
75.6%
MineralQuartz
72.5%
Musical EnsembleQuartet
72.3%
Cervantes Character (Don ...)Quixote
69.2%
Sandwich Restaurant ChainQuiznos
67.4%
Typewriter Keyboard TypeQwerty
67%
Holy BookQuran
66.4%
Category Answer % Correct
Australian StateQueensland
64.1%
Animal NoiseQuack
59.5%
Physics ParticleQuark
51.3%
French Number 1-20Quatre
48.4%
US Vice PresidentQuayle
46.9%
James Bond MovieQuantum of Solace
43.3%
Jack Klugman ShowQuincy, M.E
40.8%
Christian DenominationQuaker
38.1%
FruitQuince
37.8%
French Dish (Food)Quiche
35.6%
Scott Bakula TV ShowQuantum Leap
35.3%
Star Wars JediQui-Gon Jinn
33.2%
Victor Hugo CharacterQuasimodo
32.8%
World Capital CityQuito
28.6%
Premier League Team (Ever)Queens Park Rangers
28.4%
Deck (of a ship)Quarterdeck
28%
DanceQuickstep
26.5%
Simpson CharacterQuimby
19.2%
Aztec DeityQuetzalcoatl
15.2%
Hill of RomeQuirinal
4%

You're not logged in!

Compare scores with friends on all Sporcle quizzes.
Sign Up with Email
OR
Log In

You Might Also Like...

Show Comments

Extras

Top Quizzes Today


Score Distribution

Your Account Isn't Verified!

In order to create a playlist on Sporcle, you need to verify the email address you used during registration. Go to your Sporcle Settings to finish the process.